000 00871nam0a22002411 4500
001 rc\763393
005 20250622123350.0
035 _a(NLR Aleph) 006290837
090 _a7148038
_c7148038
100 _a20040301d1985 |||y0rusy50 ca
101 0 _arus
102 _aRU
105 _aa |||||||||
200 1 _aПути экономии авиатоплива
_eБиблиогр. рек. указ.
_fГос. НИИ гражд. авиации. ЦНТИ гражд. авиации
_g[Сост. Р.Е. Лато]
210 _aМ.
_cЦНТИГА
_d1985
215 _a16 с.
_cил.
_d20
702 1 _aЛато
_bР.Е.
_4220
712 0 2 _aЦентр научно-технической информации гражданской авиации
_cМосква
801 0 _aRU
_bNLR
_gpsbo
801 1 _aRU
_bELAR
_2rusmarc
852 _aNLR
_bС
_jК-1/3108
942 _cBOOK
980 _aNB